[Event "FIDE World Senior Team Championship 2020"]
[Site "Olympik hotel, Sokolovska 138, Prague"]
[Date "2020.03.09"]
[Round "4.8.3"]
[White "Mudrak, Josef"]
[Black "Marsalek, Zdenek"]
[Result "0-1"]
[WhiteElo "2213"]
[BlackElo "2177"]
[PlyCount "140"]
[WhiteTeam "CZE3"]
[BlackTeam "CZE4"]
[EventDate "2020.03.06"]

1. d4 Nf6 2. Nf3 e6 3. g3 b5 4. Bg2 Bb7 5. O-O d5 6. Ne5 Nbd7 7. f4 c5 8. e3
Qb6 9. c3 Be7 10. Nd2 O-O 11. g4 Nxe5 12. fxe5 Nd7 13. Qe1 b4 14. Qg3 Rac8 15.
g5 Rc7 16. Kh1 Ba6 17. Re1 Rfc8 18. Nb3 cxd4 19. cxd4 Bd3 20. e4 Bxe4 21. Bxe4
dxe4 22. Be3 Qb7 23. h4 Rc2 24. Rf1 Nb6 25. Rf2 Nd5 26. Raf1 Rxf2 27. Qxf2 Bf8
28. Kg1 Rc2 29. Qxc2 Nxe3 30. Qe2 Nxf1 31. Qxf1 Qd5 32. Kf2 h6 33. Ke3 hxg5 34.
hxg5 Be7 35. Qg2 Qc4 36. Qxe4 Bxg5+ 37. Kf2 g6 38. Qe2 Qd5 39. Qf3 Qb5 40. Qe4
Qc4 41. Qe2 Bh4+ 42. Kf3 Qc7 43. Nc5 Be7 44. Qb5 Bxc5 45. dxc5 Qxe5 46. Qxb4
Qd5+ 47. Ke3 Qe5+ 48. Kf2 g5 49. Qc4 Qxb2+ 50. Kg3 Qe5+ 51. Kg4 Kg7 52. c6 Qe3
53. Qf1 Kg6 54. Qf3 Qd4+ 55. Kh3 f5 56. Qg3 g4+ 57. Kh2 Qd2+ 58. Qg2 Qd6+ 59.
Kh1 Qc5 60. Kh2 Qc1 61. a4 Kg5 62. Qf2 f4 63. Qxa7 g3+ 64. Kg2 Qxc6+ 65. Kg1
Qc1+ 66. Kg2 Qb2+ 67. Kg1 Kg4 68. Kf1 g2+ 69. Kg1 f3 70. Kh2 Qh8+ 0-1

[Event "FIDE World Senior Team Championship 2020"]
[Site "Olympik hotel, Sokolovska 138, Prague"]
[Date "2020.03.09"]
[Round "4.8.4"]
[White "Zahorbensky, Jaroslav"]
[Black "Vrana, Frantisek"]
[Result "1/2-1/2"]
[WhiteElo "2098"]
[BlackElo "2231"]
[PlyCount "114"]
[WhiteTeam "CZE4"]
[BlackTeam "CZE3"]
[EventDate "2020.03.06"]

1. e4 c5 2. Nf3 Nc6 3. Bb5 g6 4. O-O Bg7 5. Nc3 e5 6. d3 Nge7 7. Be3 Nd4 8. Bc4
d6 9. Ng5 O-O 10. f4 exf4 11. Bxf4 Ne6 12. Be3 Nc6 13. Rxf7 Rxf7 14. Nxe6 Bxe6
15. Bxe6 Ne5 16. Nd5 Kh8 17. Bxf7 Nxf7 18. Qf3 Qd7 19. Rf1 Rf8 20. Qh3 Qxh3 21.
gxh3 Ne5 22. Rxf8+ Bxf8 23. Kf2 Kg7 24. Bg5 Kf7 25. Bf6 Nd7 26. Bc3 Bh6 27. a3
Bc1 28. a4 a6 29. b4 Ke6 30. b5 axb5 31. axb5 Bg5 32. Bh8 Kf7 33. Kf3 Bh6 34.
Bb2 Ke6 35. c4 Bg5 36. Bc3 Bh6 37. h4 Bc1 38. h5 gxh5 39. h3 Ne5+ 40. Bxe5 Kxe5
41. Nb6 Ke6 42. Ke2 Kf6 43. Kf3 Ke7 44. Nd5+ Ke6 45. Nb6 Bg5 46. Nd5 Ke5 47.
Nc7 h6 48. Ne8 Bf6 49. Nxf6 Kxf6 50. Kf4 h4 51. b6 Ke6 52. Kg4 Ke5 53. Kf3 Kf6
54. Kf4 Ke6 55. Kg4 Ke5 56. Kf3 Kf6 57. Kf4 Ke6 1/2-1/2

[Event "FIDE World Senior Team Championship 2020"]
[Site "Olympik hotel, Sokolovska 138, Prague"]
[Date "2020.03.09"]
[Round "4.9.1"]
[White "Pieper, Thomas, Dr."]
[Black "Sokolin, Leonid"]
[Result "0-1"]
[WhiteElo "2258"]
[BlackElo "2496"]
[PlyCount "62"]
[WhiteTeam "GER5"]
[BlackTeam "USA2"]
[EventDate "2020.03.06"]

1. e4 g6 2. d4 Bg7 3. Nf3 c6 4. h3 d6 5. Bc4 Nf6 6. Qe2 O-O 7. e5 Nd5 8. O-O b5
9. Bb3 a5 10. exd6 Qxd6 11. c3 Bf5 12. Re1 Ra7 13. Nh4 Be6 14. Nd2 Nf4 15. Qf3
Bxb3 16. axb3 Nd5 17. Ne4 Qc7 18. Qg3 e5 19. Nf3 f5 20. Neg5 e4 21. Ne6 Qxg3
22. fxg3 exf3 23. Nxf8 Kxf8 24. gxf3 Kf7 25. Bd2 Nd7 26. Kg2 N7b6 27. Re2 Bf6
28. Rc1 Ne7 29. Bf4 Nbd5 30. Bd6 f4 31. gxf4 Nf5 0-1

[Event "FIDE World Senior Team Championship 2020"]
[Site "Olympik hotel, Sokolovska 138, Prague"]
[Date "2020.03.09"]
[Round "4.9.3"]
[White "Scheckenbach, Franz"]
[Black "Koganov, Mikhail"]
[Result "0-1"]
[WhiteElo "2101"]
[BlackElo "2085"]
[PlyCount "52"]
[WhiteTeam "GER5"]
[BlackTeam "USA2"]
[EventDate "2020.03.06"]

1. e4 d6 2. d4 Nf6 3. Nc3 e5 4. Nf3 Nbd7 5. Bc4 Be7 6. a4 a5 7. O-O c6 8. h3
Qc7 9. Bg5 Nf8 10. Qd2 h6 11. Be3 g5 12. Nh2 Ng6 13. Be2 Nf4 14. Ng4 h5 15.
Nxf6+ Bxf6 16. Rad1 Qe7 17. dxe5 Bxe5 18. Rfe1 Rg8 19. Bf1 Be6 20. Bd4 g4 21.
Bxe5 dxe5 22. h4 g3 23. Ne2 gxf2+ 24. Kxf2 Qxh4+ 25. g3 Qh2+ 26. Kf3 Nxe2 0-1

[Event "FIDE World Senior Team Championship 2020"]
[Site "Olympik hotel, Sokolovska 138, Prague"]
[Date "2020.03.09"]
[Round "4.10.1"]
[White "Bryson, Douglas M"]
[Black "Jhunjhnuwala, Krishan"]
[Result "1/2-1/2"]
[WhiteElo "2334"]
[BlackElo "2341"]
[PlyCount "51"]
[WhiteTeam "SCO1"]
[BlackTeam "USA3"]
[EventDate "2020.03.06"]

1. e4 c5 2. Nf3 Nc6 3. d4 cxd4 4. Nxd4 Nf6 5. Nc3 e5 6. Ndb5 d6 7. Bg5 a6 8.
Na3 b5 9. Bxf6 gxf6 10. Nd5 f5 11. Bxb5 axb5 12. Nxb5 Ra4 13. Nbc7+ Kd7 14. O-O
Rxe4 15. Qh5 Ne7 16. Qxf7 Kc6 17. Rfd1 Nxd5 18. Nxd5 Qd7 19. Qh5 Qa7 20. Rd3
Rc4 21. Rad1 Be6 22. Qe8+ Qd7 23. Qa8+ Qb7 24. Qe8+ Qd7 25. Qa8+ Qb7 26. Qe8+
1/2-1/2

[Event "FIDE World Senior Team Championship 2020"]
[Site "Olympik hotel, Sokolovska 138, Prague"]
[Date "2020.03.09"]
[Round "4.10.4"]
[White "Jhunjhnuwala, Suresh"]
[Black "Burnett, Andrew"]
[Result "0-1"]
[WhiteElo "1864"]
[BlackElo "2138"]
[PlyCount "130"]
[WhiteTeam "USA3"]
[BlackTeam "SCO1"]
[EventDate "2020.03.06"]

1. e4 g6 2. Nf3 Bg7 3. d4 d6 4. c4 Nf6 5. Nc3 Bg4 6. Be2 O-O 7. h3 Bxf3 8. Bxf3
Nfd7 9. O-O e5 10. dxe5 dxe5 11. Be2 Nc6 12. Rb1 a5 13. Be3 Nd4 14. f4 Nxe2+
15. Qxe2 exf4 16. Bxf4 Ne5 17. Rbd1 Qe7 18. Nd5 Qc5+ 19. Be3 Qxc4 20. Qxc4 Nxc4
21. Bc5 Rfd8 22. b3 Nb2 23. Rb1 Nd3 24. Be7 Rd7 25. Nf6+ Bxf6 26. Bxf6 Re8 27.
e5 Re6 28. Rbd1 Nxe5 29. Rxd7 Nxd7 30. Bd8 Rc6 31. Rd1 Nf8 32. Rd2 Kg7 33. Bg5
Ne6 34. Be3 Kf8 35. Bf2 Rc1+ 36. Kh2 Ke7 37. Bg3 f6 38. Bf2 b6 39. g4 Nc5 40.
Re2+ Kd7 41. Kg2 Ne6 42. Bg3 Rd1 43. Rf2 Ke7 44. Bh4 g5 45. Bg3 Rd4 46. Rc2 c5
47. Re2 b5 48. Bf2 Rd5 49. Be1 Kd7 50. Re3 Nf4+ 51. Kg3 b4 52. h4 h6 53. hxg5
hxg5 54. Kf3 Rd3 55. Rxd3+ Nxd3 56. Bd2 Ke6 57. Ke4 Ne5 58. Be3 c4 59. bxc4
Nxc4 60. Bc5 Ne5 61. Bb6 a4 62. Bc5 b3 63. axb3 axb3 64. Bd4 Nxg4 65. Kd3 Kd5
0-1

[Event "FIDE World Senior Team Championship 2020"]
[Site "Olympik hotel, Sokolovska 138, Prague"]
[Date "2020.03.09"]
[Round "4.11.2"]
[White "Schulz, Klaus-Juergen"]
[Black "Jeske, Eckhard"]
[Result "1-0"]
[WhiteElo "2331"]
[BlackElo "2158"]
[PlyCount "61"]
[WhiteTeam "GER1"]
[BlackTeam "GER3"]
[EventDate "2020.03.06"]

1. Nf3 d5 2. b3 Nf6 3. Bb2 g6 4. g3 Bg7 5. Bg2 O-O 6. c4 c6 7. d3 Re8 8. Nbd2
Nfd7 9. Bxg7 Kxg7 10. d4 Nf6 11. O-O Bf5 12. Nh4 Qd7 13. Ndf3 Bh3 14. Ne5 Qc8
15. cxd5 Bxg2 16. Kxg2 cxd5 17. Rc1 Qd8 18. Nhf3 h6 19. Qd3 Nbd7 20. Rc2 Rc8
21. Rfc1 Rxc2 22. Qxc2 Nxe5 23. dxe5 Ng8 24. e6 Qd6 25. exf7 Kxf7 26. Qc7 Qa6
27. Rc2 Nf6 28. Ne5+ Kg7 29. Nd7 Qd6 30. Nxf6 Kxf6 31. Qxb7 1-0

[Event "FIDE World Senior Team Championship 2020"]
[Site "Olympik hotel, Sokolovska 138, Prague"]
[Date "2020.03.09"]
[Round "4.11.3"]
[White "Jansen, Andreas"]
[Black "Wolf, Volker"]
[Result "1-0"]
[WhiteElo "2095"]
[BlackElo "2278"]
[PlyCount "183"]
[WhiteTeam "GER3"]
[BlackTeam "GER1"]
[EventDate "2020.03.06"]

1. e4 Nf6 2. e5 Nd5 3. Bc4 Nb6 4. Bb3 d5 5. d4 e6 6. Nf3 c5 7. c3 Nc6 8. O-O
Bd7 9. a3 a5 10. Be3 cxd4 11. cxd4 a4 12. Ba2 Na5 13. Nbd2 Bb5 14. Re1 Be7 15.
Rc1 Rc8 16. Rxc8 Qxc8 17. Bb1 h6 18. h3 Nac4 19. Nxc4 Nxc4 20. Qc2 Qc6 21. Bd2
Qa6 22. Bc3 Bc6 23. Nd2 Kd7 24. f4 g6 25. Nf3 Qb6 26. Ba2 Qa7 27. Kh2 Qa8 28.
Qe2 Bb5 29. Qc2 Nb6 30. Qd2 Bc4 31. Bb1 Bb5 32. g4 h5 33. g5 Nc4 34. Qc2 Rc8
35. Nd2 Qa6 36. Nxc4 Bxc4 37. Qd2 Qb5 38. h4 Rc6 39. Bc2 Bb3 40. Bd3 Bc4 41.
Bc2 Ra6 42. Re3 Bd8 43. Qd1 Ra8 44. Bb4 Bb6 45. Bc3 Qa6 46. Qb1 Rg8 47. Qd1 Bb5
48. Qf3 Qa8 49. f5 Qe8 50. fxe6+ fxe6 51. Qd1 Rf8 52. Rf3 Rxf3 53. Qxf3 Bd8 54.
Bb4 Kc8 55. Bd6 b6 56. Kg3 Kb7 57. Bf8 Ka6 58. Bg7 Be7 59. Bf6 Bf8 60. Qd1 Kb7
61. Qb1 Qc8 62. Bxg6 Qc4 63. Qd1 Qa2 64. Bxh5 Qxb2 65. g6 Qxa3+ 66. Bf3 Qc3 67.
Be7 Bh6 68. Bg5 Bf8 69. Qd2 Qb3 70. Be7 Bg7 71. h5 a3 72. Bxa3 Qxa3 73. h6 Qf8
74. hxg7 Qxg7 75. Qg5 Be8 76. Bh5 b5 77. Qf6 Qg8 78. Qe7+ Kb8 79. Qh7 Qf8 80.
g7 Qa3+ 81. Bf3 Bf7 82. g8=Q+ Bxg8 83. Qxg8+ Kc7 84. Qxe6 Qe3 85. Qd6+ Kc8 86.
Qc6+ Kb8 87. Qxb5+ Kc8 88. Qc6+ Kb8 89. Qb6+ Kc8 90. Kg4 Qg1+ 91. Kf5 Qb1+ 92.
Qxb1 1-0

[Event "FIDE World Senior Team Championship 2020"]
[Site "Olympik hotel, Sokolovska 138, Prague"]
[Date "2020.03.09"]
[Round "4.11.4"]
[White "Polster, Wolfgang, Dr."]
[Black "Moritz, Hartmut"]
[Result "1-0"]
[WhiteElo "2201"]
[BlackElo "2088"]
[PlyCount "137"]
[WhiteTeam "GER1"]
[BlackTeam "GER3"]
[EventDate "2020.03.06"]

1. e4 e6 2. d4 d5 3. Nd2 Nf6 4. e5 Nfd7 5. f4 c5 6. c3 Nc6 7. Ndf3 Qa5 8. a3
cxd4 9. b4 Qd8 10. cxd4 Nb6 11. Ne2 Bd7 12. Nc3 Rc8 13. Qd3 a6 14. Kf2 f5 15.
Be2 Na7 16. Ng5 Be7 17. Qh3 Bxg5 18. fxg5 g6 19. Bd2 Nb5 20. Nxb5 Bxb5 21. Rhc1
Bxe2 22. Kxe2 Rxc1 23. Rxc1 Nc4 24. Bf4 O-O 25. Rc2 Qb6 26. Qd3 Qb5 27. g3 Nxa3
28. Qxb5 Nxb5 29. Kd3 Rf7 30. Rc8+ Rf8 31. Rc5 Kf7 32. h4 Ke7 33. h5 Kd7 34.
Rc1 gxh5 35. Rh1 Rf7 36. Rxh5 Rg7 37. Rh6 Nc7 38. Kc3 Kc6 39. Kb3 Kd7 40. Kc3
Nb5+ 41. Kd3 Na7 42. Be3 Nc6 43. Kc3 Ne7 44. Kb3 Ng6 45. Rh1 Kc7 46. Rc1+ Kd8
47. Rh1 Rc7 48. Rh2 Ke8 49. Rh1 Kf8 50. Rh2 Kg7 51. Rh1 Rc6 52. Rh2 Nf8 53. Rh1
Nd7 54. Rh6 Nb6 55. Bf4 Nc4 56. Rh2 Rb6 57. Ka4 Rb5 58. Rc2 Rb6 59. Rh2 a5 60.
b5 Kg6 61. Bc1 Kg7 62. Rc2 Nd6 63. exd6 Rxd6 64. Rc7+ Kg6 65. Rxb7 Rd8 66. b6
e5 67. Rc7 f4 68. gxf4 exd4 69. b7 1-0

[Event "FIDE World Senior Team Championship 2020"]
[Site "Olympik hotel, Sokolovska 138,"]
[Date "2020.03.09"]
[Round "4.13"]
[White "Kozak, Milos"]
[Black "Malinovsky, Petr"]
[Result "1/2-1/2"]
[WhiteElo "2174"]
[BlackElo "2101"]
[PlyCount "26"]
[EventDate "2020.03.06"]
[WhiteTeam "CZE5"]
[BlackTeam "CZE9"]

1. Nf3 d5 2. g3 e6 3. Bg2 Nf6 4. O-O Be7 5. d4 O-O 6. c4 Nbd7 7. Qc2 c5 8. cxd5
Nxd5 9. e3 b6 10. e4 N5f6 11. Rd1 Bb7 12. Nc3 cxd4 13. Nxd4 Qc8 1/2-1/2

[Event "FIDE World Senior Team Championship 2020"]
[Site "Olympik hotel, Sokolovska 138,"]
[Date "2020.03.09"]
[Round "4.13"]
[White "Kastner, Oldrich"]
[Black "Bartos, Jan"]
[Result "0-1"]
[WhiteElo "1965"]
[BlackElo "2102"]
[PlyCount "204"]
[EventDate "2020.03.06"]
[WhiteTeam "CZE9"]
[BlackTeam "CZE5"]

1. d4 f5 2. e4 fxe4 3. Nc3 Nf6 4. Bg5 e6 5. Bxf6 Qxf6 6. Nxe4 Qh6 7. Nf3 Be7 8.
Bd3 Nc6 9. c3 b6 10. h4 Bb7 11. Neg5 g6 12. Qc2 Rg8 13. O-O-O O-O-O 14. Kb1
Rdf8 15. Be4 Nd8 16. Bxb7+ Nxb7 17. Qa4 c6 18. Qxa7 Kc7 19. Qa4 b5 20. Qc2 Rf5
21. Qd2 Qg7 22. Rhe1 Nd6 23. b3 Rgf8 24. Re2 h6 25. Ne4 g5 26. Nc5 Nb7 27. Nxb7
Kxb7 28. hxg5 Bxg5 29. Qd3 Be7 30. c4 Qxg2 31. Ne1 Qg7 32. d5 exd5 33. cxb5
Rxf2 34. bxc6+ dxc6 35. Nc2 Rxe2 36. Qxe2 Bf6 37. b4 Qe7 38. Qg4 Qe5 39. Nd4
Qe4+ 40. Qxe4 dxe4 41. Nf5 Bc3 42. Nd6+ Kc7 43. Nxe4 Bxb4 44. Kc2 Rf4 45. Kd3
h5 46. Rh1 Rf5 47. Ke3 Ra5 48. Nf6 Rxa2 49. Rxh5 Ra3+ 50. Ke2 Rc3 51. Rh4 Ba5
52. Ne4 Ra3 53. Kd1 Ra2 54. Kc1 Kb6 55. Nd6 Bc3 56. Kb1 Rb2+ 57. Kc1 Rg2 58.
Rh5 c5 59. Kb1 Bb4 60. Rf5 Bc3 61. Rf3 Bd4 62. Rd3 Kc6 63. Nf5 Be5 64. Ne3 Re2
65. Nc4 Bf4 66. Rf3 Re4 67. Nb2 Be5 68. Nd3 Bd4 69. Kc2 c4 70. Nc1 Rh4 71. Ne2
Rh2 72. Kd1 Be5 73. Rf5 Kd5 74. Nc3+ Kd4 75. Rf3 Bb8 76. Ne2+ Ke4 77. Rf8 Bd6
78. Rd8 Be5 79. Re8 Kd5 80. Rc8 Ke4 81. Re8 Rh3 82. Kc2 Re3 83. Kd2 Rd3+ 84.
Kc2 Ra3 85. Nc1 Kd5 86. Rf8 Bd4 87. Rd8+ Ke4 88. Rc8 Ra4 89. Rc7 Rb4 90. Rc8
Rb2+ 91. Kd1 c3 92. Ne2 Rd2+ 93. Ke1 Kd3 94. Nxd4 Kxd4 95. Rd8+ Ke3 96. Re8+
Kd3 97. Rd8+ Kc2 98. Rb8 Rd7 99. Re8 Rd1+ 100. Ke2 Rh1 101. Rb8 Rh7 102. Re8
Rb7 0-1

[Event "FIDE World Senior Team Championship 2020"]
[Site "Olympik hotel, Sokolovska 138,"]
[Date "2020.03.09"]
[Round "4.13"]
[White "Trejbal, Stanislav"]
[Black "Paldus, Petr"]
[Result "0-1"]
[WhiteElo "2092"]
[BlackElo "2008"]
[PlyCount "112"]
[EventDate "2020.03.06"]
[WhiteTeam "CZE5"]
[BlackTeam "CZE9"]

1. e4 d6 2. d4 Nf6 3. Bd3 g6 4. c3 Bg7 5. f4 c5 6. d5 e6 7. dxe6 Bxe6 8. Nf3
Nc6 9. O-O d5 10. e5 Ne4 11. Bxe4 dxe4 12. Ng5 Bf5 13. Qe2 Qd3 14. Re1 Rd8 15.
Nd2 Bh6 16. h4 Bxg5 17. hxg5 h6 18. gxh6 Rxh6 19. Nf1 Qxe2 20. Rxe2 Rd1 21. Rd2
Re1 22. Kf2 e3+ 23. Kxe1 exd2+ 24. Bxd2 Rh1 25. Kf2 Bd3 26. Re1 Bxf1 27. Rxf1
Rxf1+ 28. Kxf1 g5 29. f5 g4 30. Bf4 Ne7 31. e6 Nxf5 32. exf7+ Kxf7 33. Ke2 c4
34. Be3 a6 35. Bb6 Ke6 36. b3 Kd5 37. Kf2 Kc6 38. Ba7 b5 39. Ke2 Kd5 40. Bb6
Ke4 41. Ba7 Ne7 42. Bb8 Nd5 43. Kd2 Ne3 44. g3 Kf3 45. Kc1 Nf5 46. Kb2 Nxg3 47.
Ka3 cxb3 48. axb3 Ne2 49. Kb4 Nf4 50. Ka5 g3 51. Kxa6 g2 52. Ba7 Nd5 53. Kxb5
Ne3 54. c4 g1=Q 55. c5 Qf1+ 56. Ka5 Nd5 0-1

[Event "FIDE World Senior Team Championship 2020"]
[Site "Olympik hotel, Sokolovska 138,"]
[Date "2020.03.09"]
[Round "4.13"]
[White "Vodicka, Pavel"]
[Black "Chaloupka, Frantisek"]
[Result "0-1"]
[WhiteElo "1963"]
[BlackElo "1990"]
[PlyCount "106"]
[EventDate "2020.03.06"]
[WhiteTeam "CZE9"]
[BlackTeam "CZE5"]

1. d4 d5 2. c4 e6 3. cxd5 exd5 4. Nc3 c6 5. Qc2 Bd6 6. h3 Qf6 7. Nf3 Bf5 8. Qa4
Nd7 9. g4 Bg6 10. h4 Qe7 11. Rh3 Nb6 12. Qb3 O-O-O 13. h5 Be4 14. Bg5 f6 15.
Bh4 Nh6 16. Nd2 Kb8 17. f3 Bd3 18. O-O-O Ba6 19. e4 Bf4 20. Bg3 Qc7 21. Bxf4
Qxf4 22. Bxa6 bxa6 23. Na4 Kc7 24. Nc5 Rhe8 25. exd5 Rxd5 26. Kb1 Qxd4 27.
Nxa6+ Kb7 28. Nb4 Re3 29. Nxc6 Qd3+ 30. Qxd3 Rexd3 31. Ne7 Rxd2 32. Re1 Rd1+
33. Rxd1 Rxd1+ 34. Kc2 Rd7 35. Nf5 Nxf5 36. gxf5 Nd5 37. h6 Ne3+ 38. Kc3 Nxf5
39. hxg7 Rxg7 40. Kd3 Kc6 41. Ke4 Nd6+ 42. Kf4 a6 43. Rh2 Rb7 44. b3 Kd5 45.
Rd2+ Ke6 46. Rd4 a5 47. Rd2 Rb4+ 48. Kg3 Nf5+ 49. Kf2 h5 50. Re2+ Kd5 51. Re8
a4 52. Rd8+ Ke5 53. Rd3 Rd4 0-1

[Event "FIDE World Senior Team Championship 2020"]
[Site "Olympik hotel, Sokolovska 138,"]
[Date "2020.03.09"]
[Round "4.14"]
[White "Goldinger, Peter"]
[Black "Bartak, Vladimir"]
[Result "1/2-1/2"]
[WhiteElo "2052"]
[BlackElo "2276"]
[PlyCount "42"]
[EventDate "2020.03.06"]
[WhiteTeam "GER6"]
[BlackTeam "CZE6"]

1. d4 Nf6 2. c4 c5 3. d5 b5 4. Qc2 b4 5. e4 d6 6. Nf3 Nbd7 7. a4 g6 8. b3 Bg7
9. Bb2 O-O 10. h3 e6 11. Nbd2 a5 12. O-O-O e5 13. Bd3 Nh5 14. g3 Nb6 15. Nh4
Ra7 16. Kb1 Bd7 17. Be2 Nf6 18. Ng2 Qc8 19. g4 Ne8 20. Ne3 Bh6 21. Ndf1 Qd8
1/2-1/2

[Event "FIDE World Senior Team Championship 2020"]
[Site "Olympik hotel, Sokolovska 138,"]
[Date "2020.03.09"]
[Round "4.14"]
[White "Hosticka, Frantisek"]
[Black "Klaiss, Thomas"]
[Result "1/2-1/2"]
[WhiteElo "2096"]
[BlackElo "1991"]
[PlyCount "53"]
[EventDate "2020.03.06"]
[WhiteTeam "CZE6"]
[BlackTeam "GER6"]

1. e4 e5 2. Bb5 c6 3. Ba4 Nf6 4. Qe2 Be7 5. c3 O-O 6. Nf3 d6 7. O-O Bg4 8. h3
Bh5 9. d3 Nbd7 10. Bc2 Qc7 11. Re1 Nc5 12. g4 Bg6 13. Nbd2 Ne6 14. Nf1 Qc8 15.
Nh4 Re8 16. Qf3 Bf8 17. Ng3 a5 18. a4 Nd7 19. Nhf5 f6 20. Kh2 Qc7 21. Rg1 Bf7
22. h4 Qd8 23. Be3 Kh8 24. Rg2 Bg8 25. h5 Ng5 26. Qd1 Nc5 27. b4 1/2-1/2

[Event "FIDE World Senior Team Championship 2020"]
[Site "Olympik hotel, Sokolovska 138,"]
[Date "2020.03.09"]
[Round "4.14"]
[White "Mueller, Thomas"]
[Black "Strnad, Josef"]
[Result "1/2-1/2"]
[WhiteElo "2020"]
[BlackElo "1860"]
[PlyCount "96"]
[EventDate "2020.03.06"]
[WhiteTeam "GER6"]
[BlackTeam "CZE6"]

1. d4 Nf6 2. Nf3 d5 3. c4 c6 4. Nc3 g6 5. Bf4 Bg7 6. e3 e6 7. h3 Qe7 8. Be2
Nbd7 9. Ne5 O-O 10. O-O Nxe5 11. Bxe5 b6 12. Qa4 Bb7 13. cxd5 exd5 14. Ba6 Bxa6
15. Qxa6 Nh5 16. Bxg7 Nxg7 17. Rac1 f5 18. Ne2 Qd7 19. Rc3 Rfc8 20. Rfc1 Rc7
21. b4 Rac8 22. Nf4 Ne6 23. Nd3 Qe7 24. Qa4 Qd6 25. a3 Kg7 26. g3 g5 27. f4 h6
28. Kf2 Kf6 29. Ne5 c5 30. bxc5 bxc5 31. dxc5 Nxc5 32. Rxc5 Rxc5 33. Rxc5 Rxc5
34. Nd7+ Ke7 35. Nxc5 Qxc5 36. fxg5 hxg5 37. h4 gxh4 38. gxh4 Kf7 39. Kf3 Qe7
40. Qf4 Qd7 41. a4 Ke6 42. a5 Qc6 43. Qd4 Qc7 44. a6 Qc1 45. Qxa7 Qf1+ 46. Kg3
Qg1+ 47. Kf3 Qf1+ 48. Kg3 Qg1+ 1/2-1/2

[Event "FIDE World Senior Team Championship 2020"]
[Site "Olympik hotel, Sokolovska 138,"]
[Date "2020.03.09"]
[Round "4.14"]
[White "Kalvach, Ladislav"]
[Black "Dieterle-Bard, Bernhard"]
[Result "0-1"]
[WhiteElo "1773"]
[BlackElo "1865"]
[PlyCount "96"]
[EventDate "2020.03.06"]
[WhiteTeam "CZE6"]
[BlackTeam "GER6"]

1. d4 Nf6 2. Bf4 d5 3. e3 e6 4. Bd3 c5 5. c3 Nc6 6. Nd2 Bd6 7. Bxd6 Qxd6 8.
Ngf3 O-O 9. dxc5 Qxc5 10. O-O e5 11. e4 Be6 12. Ng5 Bg4 13. Qc2 d4 14. Nb3 Qb6
15. cxd4 Nxd4 16. Nxd4 Qxd4 17. h3 Rac8 18. Qb3 Bh5 19. g4 Bg6 20. Rfd1 Qc5 21.
Rac1 Qxc1 22. Rxc1 Rxc1+ 23. Kh2 h6 24. Nf3 Bxe4 25. Bxe4 Nxe4 26. Qe3 Rc2 27.
Qxe4 Rxf2+ 28. Kg3 Rxb2 29. Nxe5 Rc8 30. Qd4 Rxa2 31. h4 Ra3+ 32. Kf4 b5 33.
Qd7 Ra4+ 34. Kf5 g6+ 35. Kf6 Ra6+ 36. Nc6 Raxc6+ 37. Ke5 R8c7 38. Qd8+ Kg7 39.
g5 hxg5 40. hxg5 b4 41. Qd4 Rc4 42. Qb2 R7c6 43. Kd5+ Kg8 44. Qe2 R4c5+ 45. Kd4
a5 46. Qe8+ Kg7 47. Kd3 Rd5+ 48. Ke4 Re6+ 0-1

[Event "FIDE World Senior Team Championship 2020"]
[Site "Olympik hotel, Sokolovska 138,"]
[Date "2020.03.09"]
[Round "4.15"]
[White "Janacek, Jaroslav"]
[Black "Jackson, Sheila"]
[Result "0-1"]
[WhiteElo "2056"]
[BlackElo "2085"]
[PlyCount "118"]
[EventDate "2020.03.06"]
[WhiteTeam "CZE15"]
[BlackTeam "ENGW"]

1. e4 c5 2. c3 d5 3. d3 dxe4 4. dxe4 Qxd1+ 5. Kxd1 Nc6 6. Be3 e5 7. Nd2 Nf6 8.
f3 Be6 9. Kc2 a6 10. a4 Na5 11. Ne2 Nd7 12. b3 Be7 13. Nc1 Rc8 14. Be2 O-O 15.
Rb1 Rfd8 16. Rd1 f6 17. Nc4 Nxc4 18. Bxc4 Kf7 19. Bd5 Bxd5 20. Rxd5 Nf8 21.
Rxd8 Rxd8 22. Nd3 Ne6 23. a5 Rc8 24. Nb2 Nd4+ 25. Kd3 Nc6 26. Nc4 Ke6 27. Kc2
Rd8 28. Ra1 g6 29. Bf2 f5 30. Re1 f4 31. Ra1 h5 32. Nb6 g5 33. Nd5 Bf8 34. h3
Rd7 35. Ra2 g4 36. hxg4 hxg4 37. Kd3 g3 38. Be1 Rh7 39. Kc4 Rh1 40. Bd2 Rg1 41.
Bxf4 exf4 42. Nxf4+ Kf7 43. Nd3 Rd1 44. f4 Bd6 45. e5 Bc7 46. Nxc5 Nxa5+ 47.
Kb4 Nc6+ 48. Ka3 Nd8 49. Re2 Ne6 50. Nxe6 Kxe6 51. Re3 Rf1 52. Rxg3 Rxf4 53.
Rg7 Rf7 54. Rxf7 Kxf7 55. c4 Bxe5 56. Kb4 b6 57. c5 bxc5+ 58. Kxc5 a5 59. b4
Bd6+ 0-1

[Event "FIDE World Senior Team Championship 2020"]
[Site "Olympik hotel, Sokolovska 138,"]
[Date "2020.03.09"]
[Round "4.15"]
[White "Lauterbach, Ingrid"]
[Black "Korinkova, Eva"]
[Result "1-0"]
[WhiteElo "2057"]
[BlackElo "1811"]
[PlyCount "81"]
[EventDate "2020.03.06"]
[WhiteTeam "ENGW"]
[BlackTeam "CZE15"]

1. e4 c5 2. Nf3 Nc6 3. Bb5 Nd4 4. Nxd4 cxd4 5. e5 a6 6. Bd3 d6 7. Qe2 Qc7 8.
exd6 Qxd6 9. b3 g6 10. O-O Nf6 11. Re1 Be6 12. a4 Ng4 13. g3 Qc7 14. Bc4 Bf5
15. Ba3 h5 16. f3 Nh6 17. c3 Bxb1 18. Raxb1 dxc3 19. dxc3 O-O-O 20. Bc1 Nf5 21.
Bxf7 Qxc3 22. Bf4 Nd4 23. Be6+ Rd7 24. Bxd7+ Kxd7 25. Qd1 Ke8 26. Kf2 Bg7 27.
Re3 Qa5 28. Qd3 Nf5 29. Re4 Qc5+ 30. Kg2 Qa3 31. Rd1 Qb2+ 32. Rd2 Qa3 33. Qd7+
Kf8 34. Qd8+ Kf7 35. Qd5+ Kf8 36. Qxb7 Kf7 37. Qd5+ Kf8 38. Qe6 Bf6 39. Be5
Bxe5 40. Rd8+ Kg7 41. Qxe5+ 1-0

[Event "FIDE World Senior Team Championship 2020"]
[Site "Olympik hotel, Sokolovska 138,"]
[Date "2020.03.09"]
[Round "4.15"]
[White "Oburka, Vladislav"]
[Black "Fink-Nunn, Petra"]
[Result "0-1"]
[WhiteElo "1759"]
[BlackElo "1983"]
[PlyCount "100"]
[EventDate "2020.03.06"]
[WhiteTeam "CZE15"]
[BlackTeam "ENGW"]

1. e4 e5 2. Nf3 Nc6 3. Bb5 f5 4. d3 fxe4 5. dxe4 Nf6 6. Nc3 Bb4 7. Qe2 Bxc3+ 8.
bxc3 O-O 9. O-O Qe8 10. h3 d6 11. Kh2 Qg6 12. Bd3 Qh5 13. Ng1 Bg4 14. f3 Bd7
15. Kh1 Qg6 16. Qe1 Nh5 17. Kh2 Nf4 18. Qg3 Ne7 19. Qxg6 Nexg6 20. g3 Ne6 21.
Bc4 Kh8 22. Bxe6 Bxe6 23. f4 exf4 24. gxf4 Bc4 25. Rf2 Rae8 26. f5 Rxe4 27. Kg3
Ne7 28. Rb1 b6 29. Rb4 a5 30. Ra4 Rxf5 31. Rxf5 Nxf5+ 32. Kf3 d5 33. Kf2 Kg8
34. Ra3 Kf7 35. Bg5 Ke6 36. Nf3 Re2+ 37. Kg1 h6 38. Bf4 Kd7 39. Ne5+ Kc8 40.
Nxc4 dxc4 41. Ra4 Re4 42. Bd2 Kb7 43. Kf2 Ka6 44. Kf3 Rh4 45. Bf4 b5 46. Ra3 c6
47. Bc7 a4 48. Bd8 Rh5 49. Kg4 g6 50. Bf6 Ne3+ 0-1

[Event "FIDE World Senior Team Championship 2020"]
[Site "Olympik hotel, Sokolovska 138,"]
[Date "2020.03.09"]
[Round "4.15"]
[White "Frostick, Helen M"]
[Black "Kuda, Pavel"]
[Result "1-0"]
[WhiteElo "1858"]
[BlackElo "1421"]
[PlyCount "67"]
[EventDate "2020.03.06"]
[WhiteTeam "ENGW"]
[BlackTeam "CZE15"]

1. e4 e5 2. Nf3 Nc6 3. Bb5 d6 4. O-O Nf6 5. Re1 Be7 6. d4 exd4 7. Nxd4 Bd7 8.
Nxc6 bxc6 9. Ba4 O-O 10. c4 c5 11. Bc2 Rb8 12. Nd2 h6 13. Nf1 Bg4 14. Qd3 Bh5
15. Ng3 Bg6 16. Rb1 Re8 17. Bd2 d5 18. cxd5 Nxd5 19. Qe2 Bf6 20. Bb3 Nb4 21.
Rbd1 Qe7 22. Bc3 Bxc3 23. bxc3 Nc6 24. f3 Rb6 25. Rd2 Qf6 26. Qe3 Na5 27. Ba4
Nc4 28. Qxc5 Qxc3 29. Rde2 Reb8 30. Bb3 Rb4 31. Qxa7 Nd2 32. Re3 Qb2 33. R3e2
R4b7 34. Qe3 {Unreadable - 44 moves} 1-0

[Event "FIDE World Senior Team Championship 2020"]
[Site "Olympik hotel, Sokolovska 138,"]
[Date "2020.03.09"]
[Round "4.16"]
[White "Yrjola, Jouni"]
[Black "Papacek, Stepan"]
[Result "1/2-1/2"]
[WhiteElo "2309"]
[BlackElo "2265"]
[PlyCount "66"]
[EventDate "2020.03.06"]
[WhiteTeam "FIN"]
[BlackTeam "CZE13"]

1. d4 Nf6 2. c4 g6 3. g3 Bg7 4. Bg2 O-O 5. Nc3 c5 6. Nf3 cxd4 7. Nxd4 Nc6 8.
O-O Nxd4 9. Qxd4 d6 10. Qd3 Qa5 11. h3 Be6 12. Bd2 Nd7 13. b3 Ne5 14. Qe3 Nc6
15. Nd5 Qd8 16. Rad1 Rc8 17. Bc3 Bxd5 18. Rxd5 Bxc3 19. Qxc3 Qc7 20. h4 e6 21.
Rd2 Qe7 22. Rfd1 Rfd8 23. Qe3 b6 24. Qf4 e5 25. Qe3 Kg7 26. Qg5 f6 27. Qe3 Rc7
28. Qc3 Qe6 29. e3 Kh6 30. Bd5 Qe7 31. Qb2 Nb4 32. Bg2 e4 33. Qd4 f5 1/2-1/2